Central Library OPAC University of Rajshahi
Normal view MARC view

Entry Personal Name

Number of records used in: 2

001 - CONTROL NUMBER

  • control field: 11920

003 - CONTROL NUMBER IDENTIFIER

  • control field: BD-RjUL

005 - DATE AND TIME OF LATEST TRANSACTION

  • control field: 20240227104924.0

008 - FIXED-LENGTH DATA ELEMENTS

  • fixed length control field: 240227|| aca||aabn | a|a d

040 ## - CATALOGING SOURCE

  • Original cataloging agency: BD-RjUL
  • Transcribing agency: BD-RjUL

100 ## - HEADING--PERSONAL NAME

  • Personal name: Shirazi, Hafiz
  • Dates associated with a name: --1326-1389 Chr.
  • General subdivision: History and Biography

670 ## - SOURCE DATA FOUND

  • Source citation: Work cat.: (BD-RjUL)83160: ইসলাম, মোহাম্মদ নজরুল 11918, হাফিজ শিরাজীর কাব্যদর্শন /, ২০২১